书目信息 |
| 题名: |
计算机图书情报管理系统
|
|
| 作者: | 张永宁 , 高维浦 编著 | |
| 分册: | ||
| 出版信息: | 北京 航空工业出版社 1990.7 |
|
| 页数: | 205页 | |
| 开本: | 19厘米 | |
| 丛书名: | ||
| 单 册: | ||
| 中图分类: | G250.7 | |
| 科图分类: | ||
| 主题词: | 数据库管理系统-图书馆自动化 , 图书馆自动化-数据库管理系统 | |
| 电子资源: | ||
| ISBN: | 7-80046-251-X | |
| 000 | 00983nam 2200253 45 | |
| 001 | 0190006047 | |
| 005 | 20060809110144.79 | |
| 010 | @a7-80046-251-X@dCNY3.90 | |
| 100 | @a19901115d1990 km y0chiy0121 ea | |
| 101 | 0 | @achi |
| 102 | @aCN@b110000 | |
| 105 | @ay z 000yy | |
| 200 | 10 | @a计算机图书情报管理系统@AJI SUAN JI TU SHU QING BAO GUAN LI XI TONG@f张永宁,高维浦编著@FZHANG YONG NING , GAO WEI PU BIAN ZHU |
| 210 | @a北京@c航空工业出版社@d1990.7 | |
| 215 | @a205页@d19厘米 | |
| 330 | @a本书是一本介绍如何使用电子计算机进行图书、文献、档案等管理与检索的书籍,并结合一个实用的系统-HK-PC情报管理系统,介绍了图书情报管理系统的设计和实现。 | |
| 540 | 1 | @a计算机 图书情报 管理系统@AJI SUAN JI TU SHU QING BAO GUAN LI XI TONG |
| 606 | @a数据库管理系统-图书馆自动化 | |
| 606 | @a图书馆自动化-数据库管理系统 | |
| 690 | @aG250.7 | |
| 701 | 0 | @a张永宁@AZHANG YONG NING@4编著 |
| 701 | 0 | @a高维浦@AGAO WEI PU@4编著 |
| 801 | 0 | @aCN@bTSSF@c20060809 |
| 905 | @a10447@dG250.7@e98 | |
| 计算机图书情报管理系统/张永宁,高维浦编著.-北京:航空工业出版社,1990.7 |
| 205页;19厘米 |
| ISBN 7-80046-251-X:CNY3.90 |
| 本书是一本介绍如何使用电子计算机进行图书、文献、档案等管理与检索的书籍,并结合一个实用的系统-HK-PC情报管理系统,介绍了图书情报管理系统的设计和实现。 |
| ● |
| 相关链接 |
|
|
|
|
正题名:计算机图书情报管理系统
索取号:G250.7/98
 
预约/预借
| 序号 | 登录号 | 条形码 | 馆藏地/架位号 | 状态 | 备注 |
| 1 | 0447850 | 204478500 | 密集书库/ [索取号:G250.7/98] | 在馆 |